<?xml version="1.0" encoding="UTF-8"?>
<marc:record xmlns:marc="http://www.loc.gov/MARC21/slim">
   <marc:leader>00000nam a2200000 a 4500</marc:leader>
   <marc:datafield ind1="1" ind2=" " tag="100">
      <marc:subfield code="a">Crispus, Dom.</marc:subfield>
   </marc:datafield>
   <marc:datafield ind1="1" ind2=" " tag="100">
      <marc:subfield code="a">Martini, Sylvester</marc:subfield>
   </marc:datafield>
   <marc:datafield ind1="1" ind2=" " tag="100">
      <marc:subfield code="a">Barberini, Bonaventura</marc:subfield>
   </marc:datafield>
   <marc:datafield ind1="1" ind2=" " tag="100">
      <marc:subfield code="a">Josephus &lt;ab Oleggio&gt;</marc:subfield>
   </marc:datafield>
   <marc:datafield ind1="1" ind2=" " tag="100">
      <marc:subfield code="a">Correr, Francesco Antonio</marc:subfield>
   </marc:datafield>
   <marc:datafield ind1=" " ind2="1" tag="264">
      <marc:subfield code="c">1737</marc:subfield>
   </marc:datafield>
   <marc:datafield ind1="1" ind2=" " tag="520">
      <marc:subfield code="a">Vermerk am Titelbl., Vortitelbl. und vorderem Spiegel: Loci Capucinorum Crainburgi; Verzierungen, ill. und figurative Initialen und Illustrationen im Text; brauner Ledereinband auf Buchdeckeln aus Holz, Bettelordenseinband mit dreifachen Streicheisenlinien, fleuralen Einzelelementen, fleuralen Bordüren, figurativen Bordüren (Köpfen in Medaillons durch fleurale Elemente verbunden) und Deckelvignetten (Maria auf Mondsichel, darunter Franziskus von Assisi das Jesuskind haltend, Antonius von Padua und ein Reh "FRATRVM MINORVM CAPVCINORVM" auf beiden Buchdeckeln) verziert http://zentralbibliothek.kapuziner.at/kupferstiche/provinzbibliothek/provinzbibliothek_bettelorden_5.jpg; Buchrücken mit 5 Bünden, Linienverzierungen ober- und unterhalb der Bünde, Aufschrift "P. Silvestri || a Mediolano || Annales Ord: || Capucinorum || Appendix || ad Tom: 3 Pars I." und Signaturschilder "H" "18.", rot-blau gesprenkelte Schnittkante, zwei Knopfschließen aus Messing mit Lederscharnieren.</marc:subfield>
   </marc:datafield>
   <marc:datafield ind1=" " ind2=" " tag="500">
      <marc:subfield code="a">Titelbl. in Rot- und Schwarzdr.</marc:subfield>
   </marc:datafield>
   <marc:datafield ind1="0" ind2=" " tag="490">
      <marc:subfield code="v">1.</marc:subfield>
   </marc:datafield>
   <marc:datafield ind1=" " ind2=" " tag="300">
      <marc:subfield code="a">[16] Bl., 402 S.</marc:subfield>
   </marc:datafield>
</marc:record>
